[Event "12th EUR-ch"]
[Site "Aix-les-Bains FRA"]
[Date "2011.03.26"]
[Round "5.89"]
[White "Ftacnik, Lubomir"]
[Black "Stella, Andrea"]
[Result "1-0"]
[WhiteElo "2578"]
[BlackElo "2364"]
[EventDate "2011.03.22"]
[PlyCount "67"]

1.Nf3 Nf6 2.c4 c5 3.Nc3 e6 4.g3 b6 5.Bg2 Bb7 6.O-O Be7 7.d4 cxd4 8.Qxd4 d6
9.Rd1 a6 10.Bg5 Nbd7 11.Qd2 O-O 12.Bf4 Ne8 13.Rac1 Qc7 14.b3 Rd8 15.Qe3 e5
16.Nd5 Bxd5 17.cxd5 Qb7 18.Nxe5 Nxe5 19.Bxe5 dxe5 20.d6 Qa7 21.dxe7 Qxe7 
22.Qxb6 Rxd1+ 23.Rxd1 Qa3 24.Bb7 Qxa2 25.Bxa6 Qc2 26.Rd8 Qc7 27.Rb8 Qxb6 
28.Rxb6 Nf6 29.Bc4 e4 30.Rb7 g5 31.b4 Rc8 32.Bxf7+ Kh8 33.Be6 Rc6 34.Bf5 
1-0

[Event "12th EUR-ch"]
[Site "Aix-les-Bains FRA"]
[Date "2011.03.26"]
[Round "5.90"]
[White "Rozhko, Dmitry"]
[Black "Swiercz, Dariusz"]
[Result "1/2-1/2"]
[WhiteElo "2365"]
[BlackElo "2557"]
[EventDate "2011.03.22"]
[PlyCount "148"]

1.d4 f5 2.g3 Nf6 3.Bg2 g6 4.Nh3 Bg7 5.Nf4 d6 6.d5 c6 7.Nc3 cxd5 8.Ncxd5 
Nc6 9.Nxf6+ Bxf6 10.c3 e6 11.e4 fxe4 12.Bxe4 O-O 13.h4 d5 14.Bg2 Qd6 15.
O-O Bd7 16.Be3 Ne7 17.Nd3 Rac8 18.Qb3 Nf5 19.Bf4 Qa6 20.Nb4 Qb6 21.Rfe1 
Kh8 22.Nd3 Qa6 23.Nb4 Qb5 24.a4 Qb6 25.a5 Qc5 26.Nd3 Qb5 27.Qxb5 Bxb5 28.
Ne5 Bg7 29.Nf3 Rce8 30.Be5 Kg8 31.Ng5 Bd7 32.Bxg7 Kxg7 33.Re5 h6 34.Nf3 
Nd6 35.Nd2 Kf6 36.f4 Rg8 37.Rae1 g5 38.hxg5+ hxg5 39.fxg5+ Rxg5 40.Rxg5 
Kxg5 41.Nf3+ Kf6 42.Ne5 Bb5 43.Ng4+ Kg5 44.Ne3 Bd3 45.Rd1 Bc4 46.Rd4 Rh8 
47.Bf3 Kf6 48.Bd1 Bb5 49.Bc2 Nc4 50.Nxc4 Bxc4 51.Rf4+ Ke7 52.Rh4 Rb8 53.
Rh7+ Kd6 54.g4 b6 55.g5 bxa5 56.g6 e5 57.b3 Bb5 58.Rxa7 d4 59.cxd4 exd4 
60.Rxa5 d3 61.Bd1 Kc5 62.g7 Kb6 63.Ra2 Bc6 64.Rf2 Rg8 65.Rf7 Bd5 66.Re7 
Kc5 67.Kf2 Kd6 68.Ra7 Re8 69.Ra6+ Ke7 70.Ke3 Kf7+ 71.Kxd3 Kxg7 72.Kd4 Rd8 
73.Kc5 Bf7 74.Ra1 Rxd1 1/2-1/2

[Event "12th EUR-ch"]
[Site "Aix-les-Bains FRA"]
[Date "2011.03.26"]
[Round "5.91"]
[White "Mastrovasilis, Athanasios"]
[Black "Buchal, Stephan"]
[Result "1-0"]
[WhiteElo "2547"]
[BlackElo "2337"]
[EventDate "2011.03.22"]
[PlyCount "73"]

1.d4 g6 2.Nf3 Bg7 3.g3 f5 4.Bg2 Nf6 5.O-O O-O 6.Nbd2 d6 7.Re1 Nc6 8.e4 
fxe4 9.Nxe4 Bf5 10.Nxf6+ exf6 11.Nh4 Bd7 12.Bd5+ Kh8 13.Nxg6+ hxg6 14.Re4 
f5 15.Rh4+ Qxh4 16.gxh4 Nxd4 17.h5 f4 18.c3 Nc6 19.hxg6 Bh6 20.Bd2 Rf6 21.
c4 Rxg6+ 22.Kh1 Ne5 23.Bc3 Rg5 24.Qd3 Bg7 25.Bxe5 Bxe5 26.Rg1 Rxg1+ 27.
Kxg1 Kg7 28.c5 Rb8 29.Bb3 Rf8 30.Qf3 Bc8 31.Qg2+ Kf6 32.h4 Ke7 33.Qg5+ Kd7
34.h5 Kc6 35.h6 f3 36.h7 Bh8 37.Qg8 1-0

[Event "12th EUR-ch"]
[Site "Aix-les-Bains FRA"]
[Date "2011.03.26"]
[Round "5.92"]
[White "Manolache, Marius"]
[Black "Nuri, Kambez"]
[Result "1/2-1/2"]
[WhiteElo "2546"]
[BlackElo "2314"]
[EventDate "2011.03.22"]
[PlyCount "105"]

1.d4 Nf6 2.c4 g6 3.Nc3 Bg7 4.e4 d6 5.f3 O-O 6.Be3 c5 7.d5 e6 8.Qd2 exd5 9.
cxd5 a6 10.a4 Nbd7 11.Nh3 Ne5 12.Nf2 h5 13.Be2 Ne8 14.h3 f6 15.f4 Nf7 16.
a5 b5 17.axb6 Qxb6 18.O-O Rb8 19.b4 f5 20.bxc5 Qb2 21.Rab1 Qxd2 22.Bxd2 
Rxb1 23.Rxb1 fxe4 24.Ncxe4 dxc5 25.Rb6 Nc7 26.Rxg6 Bf5 27.Nf6+ Kh8 28.Rxg7
Kxg7 29.Nxh5+ Kg6 30.g4 Nd6 31.Ng3 Bb1 32.f5+ Kf7 33.Nd3 Bxd3 34.Bxd3 c4 
35.Bc2 Nxd5 36.g5 Rb8 37.Bc1 Nb4 38.g6+ Kg8 39.Bf4 Nxc2 40.Bxd6 Rb6 41.Ne4
Ne3 42.f6 Rxd6 43.Nxd6 Nd5 44.f7+ Kg7 45.h4 Nf4 46.Kf2 Nxg6 47.h5 Nf8 48.
Ke3 Kf6 49.Nxc4 Kxf7 50.Kd4 Kg7 51.Kc5 Kh6 52.Kb6 Kxh5 53.Kxa6 1/2-1/2

[Event "12th EUR-ch"]
[Site "Aix-les-Bains FRA"]
[Date "2011.03.26"]
[Round "5.93"]
[White "Maevsky, Nikolay"]
[Black "Markos, Jan"]
[Result "0-1"]
[WhiteElo "2342"]
[BlackElo "2546"]
[EventDate "2011.03.22"]
[PlyCount "128"]

1.e4 c5 2.Nf3 Nc6 3.Nc3 Nf6 4.Bb5 Qc7 5.O-O Nd4 6.Nxd4 cxd4 7.Nd5 Nxd5 8.
exd5 Qc5 9.c4 a6 10.b4 Qxb4 11.Ba4 g6 12.Bb3 Bg7 13.a4 Qa5 14.Ba3 Qd8 15.
Re1 d6 16.c5 O-O 17.Rc1 Bf5 18.Qf3 dxc5 19.Bxc5 Rc8 20.Rc4 b5 21.axb5 axb5
22.Rcc1 Qd7 23.Qf4 d3 24.Qb4 Bf6 25.h3 h5 26.Rb1 Rfe8 27.Bd4 Bxd4 28.Qxd4 
Qd6 29.Re5 Rc7 30.Rbe1 Rec8 31.Qh4 Qa6 32.d6 Qxd6 33.Rxe7 Rxe7 34.Qxe7 
Qxe7 35.Rxe7 Be6 36.Bxe6 fxe6 37.Rd7 Rb8 38.Rxd3 Kf7 39.Kf1 b4 40.Rb3 Ke7 
41.Ke2 Kd6 42.Kd3 Kd5 43.Kc2 Rc8+ 44.Kb2 Rf8 45.f3 Rf4 46.g3 Rd4 47.Kc2 
Rc4+ 48.Kb2 h4 49.f4 Rd4 50.Kc2 Ke4 51.Re3+ Kf5 52.g4+ Kxf4 53.Rxe6 Kg3 
54.Re3+ Kf2 55.Re6 Kg2 56.Re3 Rf4 57.Kb3 Rd4 58.Kc2 g5 59.Kb3 Rf4 60.Kb2 
Rf1 61.Ka2 Rd1 62.Rd3 Rh1 63.Rd5 Rxh3 64.d4 Rd3 0-1

[Event "12th EUR-ch"]
[Site "Aix-les-Bains FRA"]
[Date "2011.03.26"]
[Round "5.94"]
[White "Yakovich, Yuri"]
[Black "Tate, Alan"]
[Result "1-0"]
[WhiteElo "2546"]
[BlackElo "2300"]
[EventDate "2011.03.22"]
[PlyCount "60"]

1.d4 Nf6 2.c4 g6 3.Nc3 Bg7 4.e4 d6 5.Bg5 O-O 6.Qd2 c5 7.d5 b5 8.cxb5 a6 9.
bxa6 Qa5 10.Be2 Bxa6 11.Bxa6 Nxa6 12.Nge2 Rfb8 13.Rb1 Rb4 14.f3 Rab8 15.
O-O Nc7 16.Rfe1 Qa6 17.Kh1 Nd7 18.b3 Ne5 19.Be3 Nd3 20.Red1 Ne5 21.h3 Nb5 
22.Nxb5 Qxb5 23.Rbc1 Qa6 24.Rc2 Nd7 25.Re1 Ra8 26.Rd1 Qb7 27.Qe1 Nf6 28.
Bd2 Rb6 29.Be3 Rba6 30.Rdc1 Bh6 1-0

[Event "12th EUR-ch"]
[Site "Aix-les-Bains FRA"]
[Date "2011.03.26"]
[Round "5.95"]
[White "Le Roux, Jean-Pierre"]
[Black "L'Ami, Alina"]
[Result "1/2-1/2"]
[WhiteElo "2538"]
[BlackElo "2297"]
[EventDate "2011.03.22"]
[PlyCount "57"]

1.c4 Nf6 2.Nf3 g6 3.Nc3 Bg7 4.g3 O-O 5.Bg2 d6 6.d4 c6 7.O-O Bf5 8.Re1 Ne4 
9.Qb3 Nxc3 10.bxc3 Bc8 11.e4 Nd7 12.Ba3 c5 13.e5 Qa5 14.Rad1 Nb6 15.exd6 
exd6 16.dxc5 dxc5 17.Ne5 Re8 18.f4 Bxe5 19.Rxe5 Rxe5 20.fxe5 Bd7 21.Rf1 
Be6 22.Bd5 Nxd5 23.cxd5 c4 24.Qxb7 Bxd5 25.Qb4 Qb6+ 26.Qc5 h5 27.Rd1 Be6 
28.Bb4 Rd8 29.Rxd8+ 1/2-1/2

[Event "12th EUR-ch"]
[Site "Aix-les-Bains FRA"]
[Date "2011.03.26"]
[Round "5.96"]
[White "Giffard, Nicolas"]
[Black "Petrik, Tomas"]
[Result "1/2-1/2"]
[WhiteElo "2318"]
[BlackElo "2536"]
[EventDate "2011.03.22"]
[PlyCount "98"]

1.d4 e6 2.c4 Nf6 3.Nc3 Bb4 4.Qb3 c5 5.Nf3 Ne4 6.Nd2 d5 7.Ncxe4 dxe4 8.e3 
Nc6 9.dxc5 f5 10.a3 Bxc5 11.Qc3 O-O 12.b4 Bd6 13.Bb2 Be5 14.Qc2 Qf6 15.
O-O-O b6 16.Nb3 Bb7 17.Rd7 Rf7 18.Rxf7 Kxf7 19.Be2 Rc8 20.Rd1 Bxb2+ 21.
Qxb2 Ne5 22.Kb1 Rc7 23.Ka1 Ke7 24.c5 Bd5 25.cxb6 axb6 26.Nd4 Bc4 27.f4 
exf3 28.gxf3 Bxe2 29.Qxe2 Kf7 30.Ka2 Qe7 31.f4 Ng4 32.e4 Nf6 33.exf5 exf5 
34.Qxe7+ Rxe7 35.Nxf5 Re2+ 36.Kb3 Rxh2 37.a4 Rf2 38.Rd4 g6 39.Nd6+ Ke6 40.
a5 bxa5 41.bxa5 Nd5 42.a6 Rf3+ 43.Kb2 Rf2+ 44.Kb3 Rf3+ 45.Kb2 Kxd6 46.a7 
Rf2+ 47.Kb3 Rf3+ 48.Kb2 Rf2+ 49.Kb3 Rf3+ 1/2-1/2

[Event "12th EUR-ch"]
[Site "Aix-les-Bains FRA"]
[Date "2011.03.26"]
[Round "5.97"]
[White "Anisimov, Pavel"]
[Black "Wittmann, Walter"]
[Result "1-0"]
[WhiteElo "2532"]
[BlackElo "2291"]
[EventDate "2011.03.22"]
[PlyCount "62"]

1.e4 c5 2.Nf3 d6 3.d4 cxd4 4.Nxd4 Nf6 5.Nc3 Nc6 6.Bg5 e6 7.Qd2 Be7 8.O-O-O
Nxd4 9.Qxd4 O-O 10.f4 h6 11.Bh4 Qa5 12.Bc4 Qh5 13.Bg3 Rd8 14.Rhe1 Bd7 15.
f5 exf5 16.exf5 Re8 17.Nb5 Rac8 18.Bxd6 Bxb5 19.Bxb5 Bxd6 20.Bxe8 Nxe8 21.
Rxe8+ Rxe8 22.Qxd6 Qxf5 23.Qd7 Qe4 24.b3 Re6 25.g3 g6 26.a4 a6 27.Kb2 g5 
28.Qc8+ Kg7 29.Qc3+ Kg6 30.Kb1 f6 31.Qd2 Rd6 1-0

[Event "12th EUR-ch"]
[Site "Aix-les-Bains FRA"]
[Date "2011.03.26"]
[Round "5.98"]
[White "Stanciu, Alexandru-Ovidiu"]
[Black "Apicella, Manuel"]
[Result "1-0"]
[WhiteElo "2308"]
[BlackElo "2531"]
[EventDate "2011.03.22"]
[PlyCount "89"]

1.d4 e6 2.e4 d5 3.Nc3 Bb4 4.e5 Ne7 5.Qg4 c5 6.dxc5 Nbc6 7.Qxg7 Rg8 8.Qxh7 
d4 9.a3 Qa5 10.Rb1 dxc3 11.Be3 cxb2+ 12.axb4 Nxb4 13.c3 Rg6 14.Qh8+ Ng8 
15.Nf3 Nc2+ 16.Kd2 Nxe3 17.fxe3 Bd7 18.Qh4 Qa2 19.Bc4 Rxg2+ 20.Kd3 Qa4 21.
Nd4 Ne7 22.Qe4 Bc6 23.Qxg2 Bxg2 24.Bb5+ Qxb5+ 25.Nxb5 Bxh1 26.Nc7+ Kd7 27.
Nxa8 Bf3 28.Rxb2 Kc8 29.e4 Kb8 30.Ke3 Bh5 31.Rd2 Nc6 32.Nb6 axb6 33.cxb6 
Kc8 34.Kf4 Ne7 35.h4 Ng6+ 36.Kg5 Bf3 37.Kf6 Bxe4 38.h5 Nf4 39.c4 Nd3 40.
Ke7 Kb8 41.Rd1 Bh7 42.Kxf7 Nxe5+ 43.Kg7 Bd3 44.h6 Kc8 45.Rxd3 1-0

[Event "12th EUR-ch"]
[Site "Aix-les-Bains FRA"]
[Date "2011.03.26"]
[Round "5.99"]
[White "Romanishin, Oleg"]
[Black "Hagen, Andreas Skytte"]
[Result "1/2-1/2"]
[WhiteElo "2530"]
[BlackElo "2290"]
[EventDate "2011.03.22"]
[PlyCount "62"]

1.Nf3 Nf6 2.d4 g6 3.g3 Bg7 4.c4 c6 5.Bg2 d5 6.cxd5 cxd5 7.Ne5 O-O 8.Nc3 e6
9.O-O Nfd7 10.Nf3 Nc6 11.Qd3 a6 12.a4 Nb6 13.b3 Re8 14.Ba3 e5 15.Nxe5 Nxe5
16.dxe5 Bf5 17.Qf3 Bxe5 18.Rfd1 Bc2 19.a5 Bxd1 20.Rxd1 Qf6 21.axb6 Bxc3 
22.Rxd5 Re6 23.Rd3 Bd4 24.Qxf6 Bxf6 25.Bc5 Rd8 26.Bxb7 Rxd3 27.exd3 Bd8 
28.Bc8 Bxb6 29.Bxe6 Bxc5 30.Bc4 a5 31.Kg2 Kf8 1/2-1/2

[Event "12th EUR-ch"]
[Site "Aix-les-Bains FRA"]
[Date "2011.03.26"]
[Round "5.100"]
[White "Snuverink, Jochem"]
[Black "Muzychuk, Anna"]
[Result "0-1"]
[WhiteElo "2307"]
[BlackElo "2528"]
[EventDate "2011.03.22"]
[PlyCount "102"]

1.e4 e5 2.Nf3 Nc6 3.Bc4 Nf6 4.Ng5 d5 5.exd5 Na5 6.Bb5+ c6 7.dxc6 bxc6 8.
Be2 h6 9.Nh3 Bd6 10.d3 O-O 11.Nc3 Rb8 12.O-O c5 13.Kh1 Nc6 14.Ng1 Nd4 15.
b3 Re8 16.Ne4 Bb7 17.Bf3 Nd5 18.Re1 Bf8 19.Bd2 f5 20.Ng3 g6 21.c4 Nf6 22.
Bxb7 Rxb7 23.Bc3 Rd7 24.Bxd4 Rxd4 25.Qc2 Rxd3 26.Rad1 e4 27.Nh3 Ng4 28.Kg1
Rd4 29.f3 exf3 30.gxf3 Rxe1+ 31.Rxe1 Rd2 32.Qc3 Rd3 33.Qc2 Rxf3 34.Rd1 Qe7
35.Qd2 Ne3 36.Qe2 Nxd1 37.Qxf3 Qe3+ 38.Kg2 Qxf3+ 39.Kxf3 Nc3 40.a4 Kf7 41.
Nf2 Ke6 42.Nd3 Bd6 43.Nf1 g5 44.a5 h5 45.a6 g4+ 46.Kg2 f4 47.b4 f3+ 48.Kh1
cxb4 49.c5 Be7 50.Nf4+ Kd7 51.Nd2 Bg5 0-1

[Event "12th EUR-ch"]
[Site "Aix-les-Bains FRA"]
[Date "2011.03.26"]
[Round "5.101"]
[White "Denisov, Ivan"]
[Black "Cmilyte, Viktorija"]
[Result "1/2-1/2"]
[WhiteElo "2300"]
[BlackElo "2526"]
[EventDate "2011.03.22"]
[PlyCount "74"]

1.e4 c5 2.Nf3 Nc6 3.d4 cxd4 4.Nxd4 Nf6 5.Nc3 e5 6.Ndb5 d6 7.Bg5 a6 8.Na3 
b5 9.Nd5 Be7 10.Bxf6 Bxf6 11.c3 Ne7 12.Nc2 Nxd5 13.Qxd5 Rb8 14.Nb4 Bb7 15.
Qd3 O-O 16.Be2 a5 17.Nd5 Bxd5 18.Qxd5 b4 19.c4 Qb6 20.Rd1 b3 21.a3 Be7 22.
O-O Kh8 23.a4 Qb4 24.Ra1 Bg5 25.Rfd1 Rb6 26.Rd3 g6 27.Kf1 f5 28.Bd1 Qc5 
29.Qxc5 dxc5 30.exf5 Rxf5 31.Rxb3 Rxb3 32.Bxb3 Be3 33.f3 Bd4 34.Rb1 e4 35.
Bc2 Rh5 36.Bxe4 Rxh2 37.b3 g5 1/2-1/2

[Event "12th EUR-ch"]
[Site "Aix-les-Bains FRA"]
[Date "2011.03.26"]
[Round "5.102"]
[White "Kabanov, Nikolai"]
[Black "Rasch, Holger"]
[Result "1-0"]
[WhiteElo "2524"]
[BlackElo "2288"]
[EventDate "2011.03.22"]
[PlyCount "141"]

1.e4 c5 2.Nf3 e6 3.d3 Nc6 4.g3 Nf6 5.Bg2 d5 6.Nbd2 Be7 7.O-O b5 8.exd5 
exd5 9.c4 Rb8 10.cxb5 Rxb5 11.d4 c4 12.Ne5 Nxd4 13.Nb1 Ne6 14.Nc6 Qc7 15.
Nxe7 Kxe7 16.Nc3 Ra5 17.b4 cxb3 18.Qxb3 Rd8 19.Ba3+ Ke8 20.Bb4 Ra6 21.Nxd5
Nxd5 22.Bxd5 Rb6 23.a3 Rxd5 24.Qxd5 Bb7 25.Qd2 Rb5 26.Rac1 Qb6 27.Rfd1 Rd5
28.Qe3 Rxd1+ 29.Rxd1 Qc6 30.f3 Qxf3 31.Qxf3 Bxf3 32.Rd6 Bb7 33.a4 Nd8 34.
a5 a6 35.Kf2 Nc6 36.Bc3 Ke7 37.Rd1 g6 38.Ke3 Bc8 39.Rb1 Kd6 40.Rb6 Kc5 41.
Kf4 h6 42.h4 Kd5 43.Ke3 Kc5 44.Kf3 Kd5 45.Kg2 Kc5 46.Bd2 Kd5 47.Rb2 h5 48.
Bc3 Bf5 49.Kf2 Bd3 50.Rb7 Ke6 51.Ke3 Bc4 52.Kf4 Ne7 53.Kg5 Nd5 54.Bd4 Bd3 
55.Rb8 Bc4 56.Re8+ Kd7 57.Re1 Kc6 58.Bf6 Nxf6 59.Kxf6 Kb5 60.Re5+ Kc6 61.
Ke7 Bb3 62.Re1 Ba2 63.Re2 Bd5 64.Rb2 Kc5 65.Rb6 Bc4 66.Kf6 Kd4 67.Rb4 Kc5 
68.Rxc4+ Kxc4 69.Kxf7 Kb5 70.Kxg6 Kxa5 71.Kxh5 1-0

[Event "12th EUR-ch"]
[Site "Aix-les-Bains FRA"]
[Date "2011.03.26"]
[Round "5.103"]
[White "Rouler, Charly"]
[Black "Fargere, Francois"]
[Result "1/2-1/2"]
[WhiteElo "2291"]
[BlackElo "2520"]
[EventDate "2011.03.22"]
[PlyCount "24"]

1.d4 d5 2.c4 c6 3.e3 Nf6 4.Nc3 g6 5.Nf3 Bg7 6.Bd3 O-O 7.O-O Bg4 8.h3 Bxf3 
9.Qxf3 e6 10.Rd1 Nbd7 11.b3 Re8 12.Bb2 a6 1/2-1/2

[Event "12th EUR-ch"]
[Site "Aix-les-Bains FRA"]
[Date "2011.03.26"]
[Round "5.104"]
[White "Jansa, Vlastimil"]
[Black "Renaze, Luc"]
[Result "1-0"]
[WhiteElo "2513"]
[BlackElo "2286"]
[EventDate "2011.03.22"]
[PlyCount "53"]

1.e4 e5 2.Nf3 Nc6 3.Bb5 a6 4.Ba4 Nf6 5.O-O Be7 6.Re1 b5 7.Bb3 d6 8.c3 O-O 
9.h3 Na5 10.Bc2 d5 11.d4 Nxe4 12.Nxe5 f6 13.Nd3 Bd6 14.Nd2 f5 15.a4 Bd7 
16.Nf3 Nc4 17.Nfe5 Be8 18.f3 Qh4 19.axb5 Bxb5 20.Nxc4 dxc4 21.fxe4 Bg3 22.
Rf1 fxe4 23.Ne5 Bf2+ 24.Kh1 e3 25.Qe2 Qg3 26.Be4 Rad8 27.Bf3 1-0

[Event "12th EUR-ch"]
[Site "Aix-les-Bains FRA"]
[Date "2011.03.26"]
[Round "5.105"]
[White "Bukavshin, Ivan"]
[Black "Daurelle, Herve"]
[Result "1-0"]
[WhiteElo "2501"]
[BlackElo "2268"]
[EventDate "2011.03.22"]
[PlyCount "93"]

1.e4 c5 2.Nf3 d6 3.d4 cxd4 4.Nxd4 Nf6 5.Nc3 Bd7 6.Bc4 g6 7.Bb3 Bg7 8.f3 
O-O 9.Be3 Nc6 10.h4 Nxd4 11.Bxd4 b5 12.h5 b4 13.Nd5 e5 14.Be3 Nxh5 15.Qd2 
Nf4 16.O-O-O Nxd5 17.Bxd5 Rc8 18.Bh6 Bf6 19.Qxb4 Qc7 20.Bb3 Rfd8 21.Qxd6 
Qxd6 22.Rxd6 Be7 23.Rd5 Bc6 24.Rxe5 Bd6 25.Ra5 Rd7 26.Be3 Rcd8 27.Bd5 Bb4 
28.Bxc6 Bxa5 29.Bxd7 Rxd7 30.Rd1 Rxd1+ 31.Kxd1 a6 32.Ke2 Kf8 33.Kd3 Ke7 
34.Kc4 Kd6 35.b4 Bd8 36.a4 h5 37.b5 axb5+ 38.axb5 g5 39.Kd3 Ke5 40.c4 f5 
41.exf5 Kxf5 42.c5 g4 43.fxg4+ Kxg4 44.b6 Kg3 45.c6 Bxb6 46.Bxb6 Kxg2 47.
Bd8 1-0

[Event "12th EUR-ch"]
[Site "Aix-les-Bains FRA"]
[Date "2011.03.26"]
[Round "5.106"]
[White "Flear, Glenn Curtis"]
[Black "Vedder, Richard"]
[Result "1-0"]
[WhiteElo "2498"]
[BlackElo "2267"]
[EventDate "2011.03.22"]
[PlyCount "55"]

1.d4 d5 2.c4 dxc4 3.e4 Nc6 4.Nf3 Bg4 5.d5 Ne5 6.Qd4 Nd3+ 7.Bxd3 cxd3 8.Nc3
Bxf3 9.gxf3 e6 10.Bf4 Qd7 11.O-O-O Nf6 12.Rxd3 exd5 13.Re1 Be7 14.e5 Nh5 
15.Nxd5 O-O 16.Bd2 Rfd8 17.Qe4 Qe6 18.f4 g6 19.f5 gxf5 20.Nxe7+ Qxe7 21.
Rxd8+ Rxd8 22.Qxf5 Ng7 23.Rg1 Kh8 24.Qg4 Ne6 25.f4 f5 26.exf6 Qf7 27.Bc3 
Nd4 28.Bxd4 1-0

[Event "12th EUR-ch"]
[Site "Aix-les-Bains FRA"]
[Date "2011.03.26"]
[Round "5.107"]
[White "Yilmaz, Mustafa"]
[Black "Dubreuil, Julien"]
[Result "1/2-1/2"]
[WhiteElo "2488"]
[BlackElo "2265"]
[EventDate "2011.03.22"]
[PlyCount "90"]

1.e4 c5 2.Nf3 Nc6 3.d4 cxd4 4.Nxd4 Nf6 5.Nc3 e5 6.Ndb5 d6 7.Bg5 a6 8.Na3 
b5 9.Nd5 Be7 10.Bxf6 Bxf6 11.c4 b4 12.Nc2 a5 13.Qf3 Be6 14.Rd1 a4 15.Be2 
b3 16.axb3 axb3 17.Qxb3 Qa5+ 18.Qc3 Qxc3+ 19.Nxc3 Nd4 20.Nxd4 exd4 21.Nb5 
Ra2 22.b3 Ke7 23.Rd3 Rb2 24.Bd1 Ra8 25.Nxd4 Bxd4 26.Rxd4 Raa2 27.O-O g5 
28.h3 Ra3 29.Kh2 Raa2 30.Kg3 h5 31.Bxh5 Rxb3+ 32.Bf3 Rbb2 33.Re1 Rxf2 34.
e5 dxe5 35.Rxe5 Kf6 36.Rb5 Rfc2 37.c5 Ra3 38.Rd8 Kg7 39.Rd6 Bc4 40.Rb1 Be2
41.Rd5 f6 42.h4 gxh4+ 43.Kxh4 Bxf3 44.gxf3 Rxf3 45.Rg1+ Kf7 1/2-1/2

[Event "12th EUR-ch"]
[Site "Aix-les-Bains FRA"]
[Date "2011.03.26"]
[Round "5.108"]
[White "Serban, Vlad"]
[Black "Potapov, Pavel"]
[Result "1/2-1/2"]
[WhiteElo "2287"]
[BlackElo "2474"]
[EventDate "2011.03.22"]
[PlyCount "56"]

1.e4 c5 2.Nf3 Nc6 3.d4 cxd4 4.Nxd4 e5 5.Nb5 d6 6.N1c3 a6 7.Na3 Be7 8.Nc4 
b5 9.Ne3 Nf6 10.g3 O-O 11.Bg2 b4 12.Ncd5 Nxd5 13.Nxd5 Bg5 14.Bxg5 Qxg5 15.
O-O Rb8 16.Qd3 a5 17.a3 bxa3 18.Rxa3 Be6 19.b3 Bxd5 20.Qxd5 Nd4 21.Rxa5 
Qd2 22.Ra6 Qxc2 23.Rxd6 Rb5 24.Qc4 Qxb3 25.Qxb3 Rxb3 26.Rd5 f6 27.Ra1 Rfb8
28.Bf1 Rb1 1/2-1/2

[Event "12th EUR-ch"]
[Site "Aix-les-Bains FRA"]
[Date "2011.03.26"]
[Round "5.109"]
[White "Michalik, Peter"]
[Black "Ermeni, Avni"]
[Result "1-0"]
[WhiteElo "2471"]
[BlackElo "2264"]
[EventDate "2011.03.22"]
[PlyCount "67"]

1.d4 Nf6 2.c4 c5 3.d5 b5 4.cxb5 a6 5.bxa6 g6 6.Nc3 d6 7.e4 Bg7 8.Nf3 O-O 
9.Be2 Bxa6 10.O-O Nbd7 11.Re1 Qb6 12.Rb1 Ng4 13.Bg5 c4 14.Rf1 Rfe8 15.Qd2 
Nc5 16.h3 Nf6 17.Qe3 Qc7 18.Nd4 Reb8 19.Nc6 Rb7 20.e5 Nxd5 21.Nxd5 Qxc6 
22.Nxe7+ Rxe7 23.Bxe7 Bxe5 24.Bf3 Qe8 25.Bxa8 Qxa8 26.f4 Bg7 27.Bxd6 Nd3 
28.Rfe1 Bb5 29.Qb6 Bc6 30.Re2 f5 31.Qc7 Bd5 32.Re7 Bd4+ 33.Kh2 h6 34.Be5 
1-0

[Event "12th EUR-ch"]
[Site "Aix-les-Bains FRA"]
[Date "2011.03.26"]
[Round "5.110"]
[White "Boruchovsky, Avital"]
[Black "Goganov, Aleksey"]
[Result "0-1"]
[WhiteElo "2285"]
[BlackElo "2469"]
[EventDate "2011.03.22"]
[PlyCount "92"]

1.e4 e5 2.Nf3 Nc6 3.Bb5 a6 4.Ba4 Nf6 5.O-O Be7 6.Qe2 b5 7.Bb3 O-O 8.c3 d5 
9.d3 Bb7 10.Nbd2 Re8 11.Re1 Bf8 12.Nf1 h6 13.Ng3 Na5 14.Bc2 c5 15.Nf5 Kh7 
16.exd5 g6 17.Nxh6 Bxh6 18.Bxh6 Kxh6 19.b4 Nxd5 20.bxa5 Kg7 21.Qe4 f5 22.
Qe2 Nxc3 23.Qd2 Bxf3 24.Qxc3 Qg5 25.g3 b4 26.Qc4 Qg4 27.Qxg4 fxg4 28.Bd1 
e4 29.Ba4 Rh8 30.h4 gxh3 31.Kh2 Rad8 32.Rac1 exd3 33.Re7+ Kh6 34.Rc4 Rd4 
35.Rxd4 cxd4 36.Rd7 Rc8 37.Rxd4 Rc1 38.g4 Rh1+ 39.Kg3 Be2 40.Bc6 Rc1 41.
Be4 Rg1+ 42.Kxh3 Rxg4 43.f3 Bxf3 44.Rxd3 Bxe4 45.Rd4 Bf5 46.Rxg4 Kh5 0-1

[Event "12th EUR-ch"]
[Site "Aix-les-Bains FRA"]
[Date "2011.03.26"]
[Round "5.111"]
[White "Beikert, Gunther"]
[Black "Schnabel, Ralf"]
[Result "1/2-1/2"]
[WhiteElo "2465"]
[BlackElo "2262"]
[EventDate "2011.03.22"]
[PlyCount "59"]

1.e4 d5 2.exd5 Qxd5 3.d4 Nf6 4.Nf3 Bg4 5.Be2 e6 6.h3 Bh5 7.O-O Be7 8.c4 
Qd8 9.Nc3 c6 10.Qb3 Qb6 11.Qxb6 axb6 12.g4 Bg6 13.Ne5 Ne4 14.Nd1 Nd7 15.
Nxg6 hxg6 16.Bd3 Nd6 17.Kg2 e5 18.Be3 exd4 19.Bxd4 Nc5 20.Bxc5 bxc5 21.Re1
Kd7 22.Nc3 Bf6 23.Ne4 Nxe4 24.Bxe4 Kc7 25.Re2 Rhd8 26.f4 Re8 27.Kf3 Ra3+ 
28.bxa3 Bxa1 29.Bc2 Rxe2 30.Kxe2 1/2-1/2

[Event "12th EUR-ch"]
[Site "Aix-les-Bains FRA"]
[Date "2011.03.26"]
[Round "5.112"]
[White "Melia, Salome"]
[Black "Hamiti, Gani"]
[Result "1-0"]
[WhiteElo "2462"]
[BlackElo "2254"]
[EventDate "2011.03.22"]
[PlyCount "141"]

1.e4 e5 2.Nf3 Nc6 3.Bb5 f5 4.d3 fxe4 5.dxe4 Nf6 6.O-O Bc5 7.Qe2 d6 8.Qc4 
Bd7 9.Bxc6 Bxc6 10.Nxe5 Bxf2+ 11.Rxf2 dxe5 12.Nc3 Qe7 13.Be3 Qf7 14.Qb4 a5
15.Qa3 b5 16.Qc5 Qe6 17.Nxb5 Bxb5 18.Qxb5+ c6 19.Qb3 Qxb3 20.axb3 Kd7 21.
Ra4 Ke6 22.h3 Rhb8 23.Bd2 Nd7 24.Rxa5 Rxa5 25.Bxa5 Ra8 26.Bc3 Ra1+ 27.Kh2 
Rc1 28.Kg3 Nf6 29.Kf3 g6 30.Ke3 h5 31.Kd3 Rd1+ 32.Bd2 Rb1 33.Bg5 Nd7 34.c4
Nc5+ 35.Kc2 Rxb2+ 36.Kxb2 Nd3+ 37.Kc2 Nxf2 38.Be3 Nxe4 39.Kd3 Nd6 40.b4 
Kf5 41.Bc5 Nb7 42.Be7 Kf4 43.h4 Kf5 44.c5 Ke6 45.Bg5 Kd5 46.Kc3 e4 47.g3 
e3 48.Kd3 e2 49.Kxe2 Kc4 50.Ke3 Kxb4 51.Kd4 Kb5 52.Be7 Kb4 53.Ke5 Kc4 54.
Kf6 Nxc5 55.Kxg6 Ne4 56.Kxh5 Kd5 57.g4 Ke6 58.Ba3 Kf7 59.g5 c5 60.g6+ Kg8 
61.Kg4 Kg7 62.h5 Nf6+ 63.Kg5 Ne4+ 64.Kf4 Nf2 65.Bb2+ Kh6 66.Kf5 Nd3 67.Bc3
Nb4 68.Bxb4 cxb4 69.Kf6 b3 70.g7 b2 71.g8=Q 1-0

[Event "12th EUR-ch"]
[Site "Aix-les-Bains FRA"]
[Date "2011.03.26"]
[Round "5.113"]
[White "Fantin, Ludwig"]
[Black "Berbatov, Kiprian"]
[Result "0-1"]
[WhiteElo "2281"]
[BlackElo "2454"]
[EventDate "2011.03.22"]
[PlyCount "70"]

1.Nf3 Nf6 2.c4 g6 3.g3 Bg7 4.Bg2 O-O 5.O-O d6 6.d4 Nbd7 7.Nc3 e5 8.h3 c6 
9.e4 Qb6 10.c5 dxc5 11.dxe5 Ne8 12.e6 fxe6 13.Ng5 Nc7 14.f4 Bd4+ 15.Kh2 e5
16.fxe5 Nxe5 17.Na4 Qa5 18.Bd2 Qb5 19.Rxf8+ Kxf8 20.Nf3 Ke8 21.Bf1 Nxf3+ 
22.Qxf3 Qxa4 23.b3 Qa3 24.Bc4 Qb2 25.Qf7+ Kd8 26.Rd1 Bd7 27.Be2 Kc8 28.
Qf8+ Ne8 29.Kh1 Kc7 30.Qe7 Nf6 31.Bf4+ Kb6 32.Rd2 Qb1+ 33.Rd1 Qxe4+ 34.
Qxe4 Nxe4 35.Kg2 Nc3 0-1

[Event "12th EUR-ch"]
[Site "Aix-les-Bains FRA"]
[Date "2011.03.26"]
[Round "5.114"]
[White "Caspi, Israel"]
[Black "Nakar, Eylon"]
[Result "1/2-1/2"]
[WhiteElo "2451"]
[BlackElo "2256"]
[EventDate "2011.03.22"]
[PlyCount "104"]

1.e4 e6 2.d4 d5 3.Nd2 Nf6 4.e5 Nfd7 5.Bd3 c5 6.c3 Nc6 7.Ngf3 g6 8.h4 h6 9.
Bc2 Bg7 10.Nf1 Qa5 11.a3 Nxd4 12.Nxd4 cxd4 13.f4 dxc3 14.b4 Qc7 15.Be3 b6 
16.Bd4 a5 17.Rh3 Ba6 18.bxa5 bxa5 19.Rxc3 Qd8 20.Qg4 h5 21.Qh3 Rc8 22.Bxg6
Rxc3 23.Qxe6+ Qe7 24.Bxf7+ Kf8 25.Bxc3 Bxf1 26.Kxf1 Qxf7 27.Qd6+ Qe7 28.
Qxd5 Qc5 29.Qxd7 Qxc3 30.Rd1 Qc4+ 31.Kg1 Qc5+ 32.Kh2 Qe7 33.Qf5+ Kg8 34.g3
Rh6 35.Rd7 Qe8 36.Qd3 Qe6 37.Rd5 Qb6 38.Rd8+ Bf8 39.Rd7 Qf2+ 40.Kh1 Qa2 
41.Qf5 Qe6 42.Qxe6+ Rxe6 43.Ra7 Bxa3 44.Rxa5 Bb4 45.Rb5 Be1 46.Kg2 Rc6 47.
Rb3 Rc3 48.Rxc3 Bxc3 49.Kf3 Kf7 50.g4 Ke6 51.gxh5 Bxe5 52.fxe5 Kxe5 
1/2-1/2

[Event "12th EUR-ch"]
[Site "Aix-les-Bains FRA"]
[Date "2011.03.26"]
[Round "5.115"]
[White "Favarel, Antoine"]
[Black "Kurmann, Oliver"]
[Result "0-1"]
[WhiteElo "2267"]
[BlackElo "2446"]
[EventDate "2011.03.22"]
[PlyCount "50"]

1.e4 e6 2.d4 d5 3.Nd2 Nf6 4.e5 Nfd7 5.Bd3 c5 6.c3 Nc6 7.Ne2 cxd4 8.cxd4 f6
9.exf6 Nxf6 10.O-O Bd6 11.Nf3 Qc7 12.g3 O-O 13.Bf4 Ng4 14.Bxd6 Qxd6 15.Ng5
h6 16.h3 Nxf2 17.Rxf2 Rxf2 18.Kxf2 hxg5 19.Nf4 gxf4 20.Qh5 Qd8 21.gxf4 Bd7
22.Rg1 Qf6 23.Qh7+ Kf7 24.Bg6+ Ke7 25.Bh5 Qxd4+ 0-1

[Event "12th EUR-ch"]
[Site "Aix-les-Bains FRA"]
[Date "2011.03.26"]
[Round "5.116"]
[White "Aloma Vidal, Robert"]
[Black "Dietmayer-Kraeutler, Marco"]
[Result "1/2-1/2"]
[WhiteElo "2434"]
[BlackElo "2251"]
[EventDate "2011.03.22"]
[PlyCount "46"]

1.d4 d5 2.c4 e6 3.Nf3 Nf6 4.g3 dxc4 5.Bg2 Nbd7 6.Nbd2 b5 7.a4 c6 8.O-O Bb7
9.e4 Be7 10.e5 Nd5 11.Ne4 h6 12.h4 O-O 13.Nh2 a6 14.Ng4 c5 15.dxc5 Nxc5 
16.Nxc5 Bxc5 17.Nxh6+ Kh7 18.Be4+ g6 19.Qg4 f5 20.exf6 Qxf6 21.Qg5 Bxf2+ 
22.Kh1 Qe5 23.Kh2 Qxg3+ 1/2-1/2